Professional CSS (Record no. 38023)
[ view plain ]
| 000 -LEADER | |
|---|---|
| fixed length control field | 01193nam a2200313Ia 4500 |
| 245 00 - TITLE STATEMENT | |
| Title | Professional CSS |
| 250 ## - EDITION STATEMENT | |
| Edition statement | 2nd ed. |
| 260 ## - PUBLICATION, DISTRIBUTION, ETC. (IMPRINT) | |
| Place of publication | Indianapolis, IN : |
| Name of publisher | Wiley Pub., |
| Year of publication | c2008. |
| 300 ## - PHYSICAL DESCRIPTION | |
| Number of Pages | xvii, 301 p. : |
| Other physical details | col. ill. |
| 500 ## - GENERAL NOTE | |
| General note | Includes index. |
| General note | "Programmer to programmer". |
| 650 #0 - SUBJECT ADDED ENTRY--TOPICAL TERM | |
| Topical Term | Web sites |
| Topical Term | Cascading style sheets. |
| 700 1# - ADDED ENTRY--PERSONAL NAME | |
| Personal name | Schmitt, Christopher. |
| 856 40 - ELECTRONIC LOCATION AND ACCESS | |
| Uniform Resource Identifier | http://site.ebrary.com/lib/rucke/Doc?id=10233033 |
No items available.
